[Event "Madurai Athens of the East op-B U1600"]
[Site "Madurai"]
[Date "2023.12.27"]
[Round "3"]
[White "Karthik, S."]
[Black "Dhiman, Mitra"]
[Result "0-1"]
[WhiteElo "1319"]
[BlackElo "1580"]
[PlyCount "76"]
[EventDate "2023.12.27"]
[EventType "swiss"]
[EventRounds "9"]
[EventCountry "IND"]
[SourceTitle "CB02_2024"]
[SourceDate "2024.01.10"]
[SourceVersion "1"]
[SourceVersionDate "2024.01.10"]
[SourceQuality "1"]

1. e4 Nc6 2. Nf3 f5 3. d3 d6 4. g3 Nf6 5. Nbd2 e5 6. Bg2 Be7 7. 0-0 0-0 8. c3 fxe4 9. dxe4 Kh8 10. Qe2 Qe8 11. Nh4 Be6 12. Nf5 Bxf5 13. exf5 Qd7 14. g4 d5 15. h3 Rae8 16. Nf3 Bd6 17. Ng5 Nd8 18. Rd1 e4 19. h4 h6 20. Nh3 h5 21. gxh5 Qxf5 22. h6 Rg8 23. hxg7+ Rxg7 24. Bg5 Rf8 25. f4 Ne6 26. Rf1 Ng4 27. Rad1 Bc5+ 28. Kh1 Ne3 29. Rde1 Nxf1 30. Rxf1 Rh7 31. b4 Bd6 32. Kg1 Ng7 33. Qe3 Qe6 34. Nf2 Nf5 35. Qh3 Rg8 36. Qg4 Rxh4 37. Qd1 Rxg5 38. fxg5 Bh2+ 0-1